AH International Schools' Libraries

The 39-Storey Treehouse (Record no. 49070)

MARC details
000 -LEADER
fixed length control field 00362nam a22001217a 4500
008 - FIXED-LENGTH DATA ELEMENTS--GENERAL INFORMATION
fixed length control field 250729b |||||||| |||| 00| 0 eng d
020 ## - INTERNATIONAL STANDARD BOOK NUMBER
International Standard Book Number 9781447281580
100 ## - MAIN ENTRY--PERSONAL NAME
Personal name ANDY GRIFFITHS (Author)
9 (RLIN) 86419
245 ## - TITLE STATEMENT
Title The 39-Storey Treehouse
260 ## - PUBLICATION, DISTRIBUTION, ETC. (IMPRINT)
Place of publication, distribution, etc UK
Name of publisher, distributor, etc Macmillan Children's Books
Date of publication, distribution, etc 2015
300 ## - PHYSICAL DESCRIPTION
Extent 352 pages
Other physical details col. ill.
Dimensions 5.16 x 0.91 x 7.76 inches
942 ## - ADDED ENTRY ELEMENTS (KOHA)
Source of classification or shelving scheme
Holdings
Withdrawn status Lost status Source of classification or shelving scheme Damaged status Not for loan Collection code Home library Current library Date acquired Total Checkouts Full call number Barcode Date last seen Price effective from Koha item type
          Siem Reap Asian Hope Siem Reap Asian Hope Siem Reap 07/29/2025   FIC AND 208997 07/29/2025 07/29/2025 Book

For any Logos Library related questions please contact Miss Art at swongnarasuk@asianhope.org.

For any Asian Hope Library related questions please contact Miss Raza at graza@asianhope.org.

Click here to explore our ebooks!

Powered by Koha